Practice of thin layer chromatography / (Record no. 9606)
[ view plain ]
| 000 -LEADER | |
|---|---|
| fixed length control field | 00896nam a2200277 a 4500 |
| 001 - CONTROL NUMBER | |
| control field | 9606 |
| 003 - CONTROL NUMBER IDENTIFIER | |
| rucl marc code | BD-RjUL |
| 005 - DATE AND TIME OF LATEST TRANSACTION | |
| control field | 20211208234815.0 |
| 008 - FIXED-LENGTH DATA ELEMENTS--GENERAL INFORMATION | |
| fixed length control field | 196120s1978 nyua b 001 0 eng |
| 020 ## - INTERNATIONAL STANDARD BOOK NUMBER | |
| International Standard Book Number | 0471880426 |
| 035 ## - SYSTEM CONTROL NUMBER | |
| System control number | (BD-RjUL)9651 |
| 040 ## - CATALOGING SOURCE | |
| Original cataloging agency | DLC |
| Transcribing agency | DLC |
| Modifying agency | DLC |
| -- | BD-RjUL |
| Language of cataloging | eng |
| 041 ## - LANGUAGE CODE | |
| Language code of text/sound track or separate title | eng |
| 082 00 - DEWEY DECIMAL CLASSIFICATION NUMBER | |
| Classification number | 543.84 |
| Author mark and year | TOP 1978 |
| Edition number | 23 |
| 100 1# - MAIN ENTRY--PERSONAL NAME | |
| Personal name | Touchstone, Joseph C. |
| 9 (RLIN) | 29751 |
| 245 10 - TITLE STATEMENT | |
| Title | Practice of thin layer chromatography / |
| Statement of responsibility, etc. | Joseph C. Touchstone, Murrell F. Dobbins. |
| 260 ## - PUBLICATION, DISTRIBUTION, ETC. (IMPRINT) | |
| Place of publication, distribution, etc. | New York : |
| Name of publisher, distributor, etc. | Wiley, |
| Date of publication, distribution, etc. | c1978. |
| 300 ## - PHYSICAL DESCRIPTION | |
| Pagination | xxiii, 383 p. : |
| Illustrations | ill. ; |
| Size | 24 cm. |
| 500 ## - GENERAL NOTE | |
| General note | "A Wiley-Interscience publication." |
| 504 ## - BIBLIOGRAPHY, ETC. NOTE | |
| Bibliography, etc | Includes bibliographical references and index. |
| 650 #0 - SUBJECT ADDED ENTRY--TOPICAL TERM | |
| Topical term or geographic name as entry element | Thin layer chromatography. |
| 9 (RLIN) | 29339 |
| Topical term or geographic name as entry element | chromatography. |
| 9 (RLIN) | 170047 |
| 700 1# - ADDED ENTRY--PERSONAL NAME | |
| Personal name | Dobbins, M. F. |
| Fuller form of name | (Murrell F.), |
| Dates associated with a name | 1947- |
| Relator term | joint author. |
| 942 ## - ADDED ENTRY ELEMENTS (KOHA) | |
| Source of classification or shelving scheme | Dewey Decimal Classification |
| Koha item type | Books |
| Lost status | Source of classification or shelving scheme | Damaged status | Not for loan | Collection code | Permanent Location | Current Location | Shelving location | Date acquired | Source of acquisition | Cost, normal purchase price | Total Checkouts | Full call number | Date last seen | Copy number | Koha item type |
|---|---|---|---|---|---|---|---|---|---|---|---|---|---|---|---|
| Dewey Decimal Classification | Not For Loan | Non-fiction | Central Library, University of Rajshahi | Central Library, University of Rajshahi | Reading Room | 16/08/1989 | Asia foundation | 0.00 | 543.84 TOP 1978 | 21/01/2014 | C-1 | Books |